Map of Aruba.

Bibliographic Details
Corporate Author: Aruba. Department of Economic Development
Format: Map
Language:English
Published: [Place of publication not identified] : [publisher not identified], [1963?]
Subjects:

MARC

Tag First Indicator Second Indicator Subfields
LEADER 00000cem a2200000Ia 4500
001 in00001044021
005 20150928124102.0
007 aj aafba
008 911004s1963 xx d a 0 eng d
034 1 |a a  |b 200000 
035 |a (OCoLC)ocm24500393 
035 |9 AFG7889AM 
035 |a (OCoLC)24500393 
040 |a TXA  |b eng  |c TXA  |d OCL  |d OCLCQ  |d TXA  |d UtOrBLW 
043 |a nwaw--- 
049 |a TXAM 
052 |a 4392 
090 |a G5171.A1 1963  |b .A7 
110 2 |a Aruba.  |b Department of Economic Development. 
245 1 0 |a Map of Aruba. 
246 1 |i At head of title:  |a Fig. 2. 
255 |a Scale [ca. 1:200,000]. 
264 1 |a [Place of publication not identified] :  |b [publisher not identified],  |c [1963?] 
300 |a 1 map :  |b photocopy ;  |c 10 x 18 cm. 
336 |a cartographic image  |b cri  |2 rdacontent 
337 |a unmediated  |b n  |2 rdamedia 
338 |a sheet  |b nb  |2 rdacarrier 
500 |a Relief shown by hachures. 
500 |a "Source: Aruba and its industries. Aruban Department of Economic Development (N.D.)." 
500 |a Cartographic material. 
651 0 |a Aruba  |v Maps. 
655 7 |a Outline maps.  |2 lcgft 
994 |a C0  |b TXA 
948 |a updated  |b h  |c 2013/11/5  |d c  |e nbehmer  |f 3:35:27 pm 
999 |a MARS 
999 f f |s 79aa4ece-2d59-3822-bdcd-b4ae0c46267c  |i 1f4ba6db-3a14-3803-9aa3-310fc225ce91  |t 0 
952 f f |p normal  |a Texas A&M University  |b College Station  |c Sterling C. Evans Library  |d Evans: Maps (2nd floor)  |t 0  |e G5171.A1 1963 .A7  |h Library of Congress classification  |i unmediated -- sheet  |m A14841702040 
998 f f |a G5171.A1 1963 .A7  |t 0  |l Evans: Maps (2nd floor)